[Event "Avoine op 20th"]
[Site "Avoine"]
[Date "2005.07.25"]
[Round "3"]
[White "Le Bris, Gaetan"]
[Black "Bourgois, Bastien"]
[Result "1-0"]
[WhiteElo "1420"]
[BlackElo "1570"]
[PlyCount "31"]
[EventDate "2005.07.23"]
[EventType "swiss"]
[EventRounds "9"]
[EventCountry "FRA"]
[SourceTitle "EXT 2007"]
[Source "ChessBase"]
[SourceDate "2006.11.23"]
[SourceVersion "1"]
[SourceVersionDate "2006.11.23"]
[SourceQuality "1"]

1. e4 e5 2. Nf3 Nf6 3. Nc3 Nc6 4. Bc4 Nxe4 5. Nxe4 d5 6. Bxd5 Qxd5 7. Nc3 Qa5 8. a3 Bc5 9. 0-0 Bg4 10. h3 Bh5 11. Qe2 0-0 12. Qe4 Bb6 13. b4 Bxf3 14. gxf3 Qa6 15. b5 f5 16. Qd5+ 1-0